Army biometric applications (Record no. 113776)
[ view plain ]
| 000 -LEADER | |
|---|---|
| fixed length control field | 01579nam a2200397 a 4500 |
| 082 04 - DEWEY DECIMAL CLASSIFICATION NUMBER | |
| Classification number | 355.6/1 |
| 245 00 - TITLE STATEMENT | |
| Title | Army biometric applications |
| 260 ## - PUBLICATION, DISTRIBUTION, ETC. (IMPRINT) | |
| Place of publication | Santa Monica, Calif. : |
| Name of publisher | Rand, |
| Year of publication | 2001. |
| 300 ## - PHYSICAL DESCRIPTION | |
| Number of Pages | xxviii, 185 p. : |
| Other physical details | ill. |
| 500 ## - GENERAL NOTE | |
| General note | "Prepared for the United States Army. Approved for public release; distribution unlimited." |
| General note | "Arroyo Center." |
| General note | "MR-1237." |
| 650 #0 - SUBJECT ADDED ENTRY--TOPICAL TERM | |
| Topical Term | Biometric identification |
| 700 1# - ADDED ENTRY--PERSONAL NAME | |
| Personal name | Woodward, John D., |
| 856 40 - ELECTRONIC LOCATION AND ACCESS | |
| Uniform Resource Identifier | http://site.ebrary.com/lib/rucke/Doc?id=10505576 |
No items available.
